La fe filosófica
Đã lưu trong:
| Tác giả chính: | |
|---|---|
| Định dạng: | Sách |
| Ngôn ngữ: | Tiếng Tây Ban Nha |
| Được phát hành: |
Buenos Aires
Losada
1968
|
| Phiên bản: | 2a. ed |
| Loạt: | Biblioteca filosófica
|
| Những chủ đề: | |
| Các nhãn: |
Thêm thẻ
Không có thẻ, Là người đầu tiên thẻ bản ghi này!
|
MARC
| LEADER | 00000cam a2200000 a 4500 | ||
|---|---|---|---|
| 001 | UCZ2121 | ||
| 003 | CL-VaPUC | ||
| 008 | 950926e19681111AG |||||||||||||||||spa|d | ||
| 082 | 0 | 4 | |a 142.7 |b JAS |2 21 |
| 100 | |a Jaspers, Karl |e author |9 334584 | ||
| 245 | 1 | 3 | |a La fe filosófica |
| 250 | |a 2a. ed | ||
| 300 | |a 155 p | ||
| 942 | |c BK | ||
| 945 | |d 19950926 00:00:00 |a cmena | ||
| 260 | |a Buenos Aires |b Losada |c 1968 | ||
| 650 | 0 | |a Filosofía alemana |9 265002 | |
| 650 | 0 | |a Existencialismo |9 265698 | |
| 650 | 0 | |a Escuelas filosóficas |9 266232 | |
| 650 | 7 | |a HOMBRE |2 CL-VaPUC |9 262149 | |
| 650 | 0 | |a Creencia |9 334586 | |
| 650 | 0 | |a Estructuralismo |9 265696 | |
| 583 | |a last modification |c 20150416 15:37:54 |k Rodrigo Vera | ||
| 490 | 0 | |a Biblioteca filosófica | |
| 999 | |c 238769 |d 238767 | ||
| 952 | |0 0 |1 0 |4 0 |6 142_700000000000000_JAS_1968 |7 0 |8 A |9 249228 |a BIBEDU |b BIBEDU |d 2019-11-18 |i 156451K |o 142.7 JAS 1968 |p 156451K |r 2019-11-18 |w 2019-11-18 |y BK |k FIL | ||